• 首页
  • 本馆介绍
  • 公告通知
  • 最新文献
  • 馆藏检索
  • 电子资源
  • 读者导购
  • 参考咨询
  • 我的图书馆
  • 登录
  • 详细信息显示
  • 放入我的书架
  • 预约/预借图书
  • 作者相关作品
  • 分类相关作品
  • 丛书相关作品
  • 出版社相关作品

书目信息

  • 表格格式
  • 工作单格式
  • 卡片格式
题名:
美国
    
 
作者: 杨会军 编著
分册:  
出版信息: 北京   社会科学文献出版社  2004
页数: 16,638页
开本: 21cm
丛书名: 列国志
单 册:
中图分类: K712.9
科图分类:
主题词: 北美洲--历史
电子资源:
ISBN: 7-80190-382-X
000 01232nam0 2200385 450
000 01195nam0 2200373 450
000 01165nam0 2200373 450
000 01111nam0 2200349 450
000 01129nam0 2200337 450
000 01092oam2 2200325 450
001 002774045
005 20070111095256.76
010    @a7-80190-382-X@dCNY46.00
035    @a002774045
100    @a20041122d2004 em y0chiy0110 ea
101 0  @achi
102    @aCN@b110000
105    @aab z 000yy
200 1  @a美国@9mei guo@f杨会军编著
210    @a北京@c社会科学文献出版社@d2004
215    @a16,638页@c彩图,地图@d21cm
225 2  @a列国志
300    @a中国社会科学院重大课题 国家“十五”重点出版项目
330    @a本书全面介绍世界第一强国美国的政治、经济、军事,教育、科学、文艺、卫生,及其对外政策与对外关系等。
461  0 @1001002439188@12001 @a列国志
510 1  @aUniteo States of America@zeng
606 0  @a北美洲@x历史
607    @a美国
607    @a美国@x概况
690    @aK712.9@v4
701  0 @a杨会军@9yang hui jun@c(副研究员)@4编著
801    @aCN@b中图数据@c20070111
905    @a10447@dK712.9@e28
    
    美国/杨会军编著.-北京:社会科学文献出版社,2004
    16,638页:彩图,地图;21cm.-(列国志)
    中国社会科学院重大课题 国家“十五”重点出版项目
    
    ISBN 7-80190-382-X:CNY46.00
    本书全面介绍世界第一强国美国的政治、经济、军事,教育、科学、文艺、卫生,及其对外政策与对外关系等。
●
相关链接 在E读中查询图书 在五车中查询图书 在当当中查询图书 在豆瓣中查询图书


正题名:美国     索取号:K712.9/28         预约/预借

序号 登录号 条形码 馆藏地/架位号 状态 备注
1 0619320   206193206   第二样本阅览室/ [索取号:K712.9/28] 在馆    
2 0619321   206193215   第二借阅区/ [索取号:K712.9/28] 在馆    
3 0619322   206193224   第二借阅区/ [索取号:K712.9/28] 在馆    
4 0619323   206193233   第二借阅区/ [索取号:K712.9/28] 在馆    
5 0619324   206193242   第二借阅区/ [索取号:K712.9/28] 在馆    
唐山师范学院图书馆 欢迎您!
大连网信软件有限公司© 版权所有